Ο μύθος του Μεταξά : δικτατορία και προπαγάνδα στην Ελλάδα

Αποθηκεύτηκε σε:
Λεπτομέρειες βιβλιογραφικής εγγραφής
Κύριος συγγραφέας: Πετράκη, Μαρίνα
Άλλοι συγγραφείς: Μοίρα, Μάρα (trlf)
Μορφή: Βιβλίο
Γλώσσα:Greek
English
Δημοσίευση: Αθήνα : Ωκεανίδα, 2006.
Σειρά:Κυκεών ; 34
Θέματα:
Ετικέτες: Προσθήκη ετικέτας
Δεν υπάρχουν, Καταχωρήστε ετικέτα πρώτοι!

MARC

LEADER 00000cam a2200000 i 4500
001 1/54238
008 070907s2006 gr | ||| |||| ||gre||
020 |a 9604104438 
035 |l 10090517 
040 |a GR-MyUA  |b gre  |e AACR2 
041 1 |a gre  |h eng 
082 7 |a 938.744   |2 (22) 
100 1 |a Πετράκη, Μαρίνα. 
245 1 2 |a Ο μύθος του Μεταξά :   |b δικτατορία και προπαγάνδα στην Ελλάδα /   |c Μαρίνα Πετράκη ; μετάφραση Μάρα Μοίρα.  
260 |a Αθήνα :   |b Ωκεανίδα,   |c 2006.  
300 |a 536 σ. :   |b εικ. ;   |c 20 εκ.  
490 1 |a (Κυκεών ;   |v 34)  
504 |a Βιβλιογραφία: σ. 491-517. Ευρετήριο.  
600 1 0 |a Μεταξάς, Ιωάννης Π.,   |d 1871-1941. 
650 0 |a Dictatorship  |z Greece. 
650 0 |a Propaganda, Greek. 
650 0 |a Propaganda, Greek  |x History  |y 20th century. 
651 0 |a Greece  |x Politics and government  |y 1935-1967. 
700 1 |a Μοίρα, Μάρα,  |e trlf 
765 0 8 |i Μετάφραση του:   |t The Metaxas myth :  
830 0 |a Κυκεών ;  |v 34 
852 |a INST  |b LESVOS  |e 20081126  |h 938.744 ΠΕΤ  |p 005100043582  |q 005100043582  |t BK  |y 0 
852 |a INST  |b RHODES  |e 20070907  |h 938.744 ΠΕΤ  |p 005400025852  |q 005400025852  |t BK  |y 10 
901 |a BIBL4-2007-3 
901 |a BIBL1-2008-3 
922 |a 4ΕΛΗ  |b 200708  |c ΕΠΕΑΕΚ2/ΠΤΔΕ  |d Σ. ΠΑΤΑΚΗΣ 
970 |a ΧΑΡΙΟΠΟΛΙΤΟΥ  |b ΚΩΝΣΤΑΝΤΙΝΑ  |z 2007/09/07